Slovenský jazyk pre 8. ročník základných škôl

Bibliographic Details
Main Authors: Betáková, Valéria, 1920-1990 (Author), Tarcalová, Želmíra, 1910-2005 (Author), Zahrádková, Marta (Author)
Other Authors: Lengyel, Ján, 1947- (Illustrator)
Format: Book
Language:Slovak
PhysicalDescription:164 s. ilustr., noty, tab. 21 cm
Published: Bratislava Slovenské pedagogické nakladateľstvo 1998
ISBN:8008027126
Edition:6. vyd.
Subjects:

MARC

LEADER 00000nam a2200000 a 4500
001 vtls001326475
003 SK-MaSNL
005 20260301095425.0
008 240318s1998 xo aga r 0yy slo
015 |a SNBA1998/07-02438 
020 |a 8008027126 
035 |a SNK000279252 
035 |a urn:nbn:sk:snk-amkhii 
035 |a urn:nbn:sk:snk-am008gm4 
035 |a F5A838FB-2898-4CEB-9EB5-49F630517D67 
040 |a SNK  |b slo  |c SNK  |e AACR2 
041 0 |a slo 
044 |a xo  |c SK 
080 |a 372.880.854(075.2)  |2 1981 
100 1 |a Betáková, Valéria,  |d 1920-1990  |4 aut  |9 107285 
245 1 0 |a Slovenský jazyk pre 8. ročník základných škôl  |c Valéria Betáková, Želmíra Tarcalová, Marta Zahrádková 
250 |a 6. vyd. 
260 |a Bratislava  |b Slovenské pedagogické nakladateľstvo  |c 1998 
300 |a 164 s.  |b ilustr., noty, tab.  |c 21 cm 
500 |a Rozlož. ilustr. tit. strana 
500 |a Ilustr. Ján Lengyel 
504 |a Bibliogr. s. 164 
650 0 7 |a slovenčina  |2 SNK  |9 1350 
655 7 |a učebnice  |2 SNK  |9 22521 
700 1 |a Tarcalová, Želmíra,  |d 1910-2005  |4 aut  |9 195125 
700 1 |a Zahrádková, Marta  |4 aut  |9 47829 
700 1 |a Lengyel, Ján,  |d 1947-  |4 ill  |9 228477 
919 |a 80-08-02712-6 
958 |a TL 
958 |a NB 
958 |a UX 
999 |c 683066  |d 684996 
952 |t P60, <03>, [BOOK], {603}  |a SNK  |b SNK  |y PREZ  |7 0  |p 17A0130530  |o snkSC 95490  |i snkKSP 3565/98  |0 0  |1 0  |4 0  |d 1998-04-02  |f 1  |l 0  |r 2025-09-12 00:00:00  |w 2026-02-23 
952 |t P60, <04>, [BOOK], {604}  |a SNK  |b SNK  |y VYP  |7 0  |p 17A0130531  |o snkSC 95490 D1  |i snkKSP 3566/98  |0 0  |1 0  |4 0  |d 1998-04-02  |l 0  |r 2005-01-02 00:00:00  |w 2026-02-23 
952 |t P60, <09>, [BOOK], {629}  |a SNK  |b SNK  |y NEVYP  |7 0  |o snkC 423  |i snk773/980427  |0 0  |1 0  |4 0  |d 1998-04-24  |l 0  |r 2005-01-02 00:00:00  |w 2026-02-23